000
00256nam a2200109Ia 4500
008
190911s9999||||xx |||||||||||||| ||und||
100
_a
George Chrysside
245
0
_a
Essentials Business Ethics
260
_a
USA
_b
Pearson
_c
1996
300
_a
201
942
_c
BK
999
_c
7002
_d
7002